3 films - 1 acteur (2) - Statistiques

Statistiques générales
  • Ce quiz a été pris 76 fois
  • Le résultat moyen est 4 sur 15
Statistiques - réponses
Hint Réponse % Correct
Un fauteuil pour deux Shrek Docteur Dolittle Eddie Murphy
75%
Dune (2021) The Greatest Showman Spiderm-Man : No Way Home Zendaya
59%
No Country of Old Men Men in Black Tueurs nés Tommy Lee Jones
37%
Blade Runner Adaline Apocalypse Now Harrison Ford
35%
La chute du faucon noir Kingdom of Heaven Pirates des Caraïbes : La malédiction du Black Pearl Orlando Bloom
35%
L'école buissonnière Ne le dis à personne Les petits mouchoirs François Cluzet
33%
Les Affranchis Jurassic Park Incassable Samuel L Jackson
33%
Soleil vert True Lies Ben-Hur Charlton Heston
21%
Le Grand Bain J'irai où tu iras Sheitan Leïla Bekhti
21%
Le bossu de Notre-Dame Ghost Charlie's Angels : Les anges se déchaînent Demi Moore
16%
Detroit Sans un bruit Doctor Strange in the Multivers of Madness John Krasinski
13%
De battre mon coeur s'est arrêté Elle s'appelait Sarah Diplomatie Niels Arestrup
11%
Mars Attacks! A la poursuite du diamant vert Vol au-dessus d'un nid de coucou Danny DeVito
10%
Licorice Pizza Good Time Oppenheimer Benny Safdie
8%
Orgueil et préjugés Quantum of Solace Philomena Judi Dench
8%
Aucun quiz correspondant
Distribution des résultats
% des personnes avec chaque résultat
Percentile par nombre de réponses
Votre historique - résultats
Vous n’avez pas pris ce quiz